000 00439nam a2200169Ia 4500
003 GCL
008 140319s9999 xx 000 0 eng d
040 _aGCL /
_cGCL
082 0 4 _a634.953
_bM P
100 1 _aMC CLEMENTS, JOHNK
245 1 0 _aPRUNING HANDBOOK /
_cMC CLEMENTS, JOHNK
260 _a[S.N] :
_bLANE PUBLISHING CO. ،
_c1983
300 _a120 P
650 0 4 _aPRUNING TECHNIQUO
650 0 4 _aPLANT - GROWTH
942 _2ddc
_cBK
999 _c10213
_d10213